LEADER 00904nam0-22003251i-450- 001 990003784780403321 005 20061017112141.0 010 $a88-204-2950-0 035 $a000378478 035 $aFED01000378478 035 $a(Aleph)000378478FED01 035 $a000378478 100 $a20030910d1989----km-y0itay50------ba 101 0 $aita 105 $ay-------001yy 200 1 $aClassi sociali e società contemporanea$fa cura di Antonio Schizzerotto 205 $a2. ed. 210 $aMilano$cFranco Angeli$d1989 215 $a212 p.$ctav.$d22 cm 225 1 $aSociologia$v128 610 0 $aClassi sociali$aTeoria 676 $a305.51 702 1$aSchizzerotto,$bAntonio 801 0$aIT$bUNINA$gRICA$2UNIMARC 901 $aBK 912 $a990003784780403321 952 $a305.51 SCH1$b1936$fBFS 959 $aBFS 996 $aClassi sociali e società contemporanea$9463919 997 $aUNINA LEADER 02232nam 2200637 n 450 001 9910130893003321 005 20170822132838.0 010 $a1-118-66528-7 035 $a(CKB)3450000000004544 035 $a(MH)000669132-3 035 $a(SSID)ssj0000726731 035 $a(PQKBManifestationID)11418156 035 $a(PQKBTitleCode)TC0000726731 035 $a(PQKBWorkID)10683924 035 $a(PQKB)10148432 035 $a(PPN)19024237X 035 $a(EXLCZ)993450000000004544 100 $a20720112d1971 uy 0 101 0 $aeng 181 $ctxt 182 $cc 183 $acr 200 10$aSynthetic streamflows$f[by] Myron B. Fiering [and] Barbara B. Jackson$b[electronic resource] 210 0 $aWashington$cAmerican Geophysical Union$d1971 215 $a1 online resource (vii, 98 p.)$cillus 225 0 $aWater resources monograph Synthetic streamflows 225 0$aWater resources monograph,$v1 300 $aBibliographic Level Mode of Issuance: Monograph 311 $a0-87590-300-2 320 $aBibliography: p. 95-98. 606 $aStream measurements$xStatistical methods 606 $aRivers 606 $aStreamflow$xStatistical methods 606 $aStreamflow$xStatistical methods 606 $aGeography$2HILCC 606 $aEarth & Environmental Sciences$2HILCC 606 $aPhysical Geography$2HILCC 608 $aElectronic books 615 0$aStream measurements$xStatistical methods. 615 12$aRivers 615 0$aStreamflow$xStatistical methods. 615 0$aStreamflow$xStatistical methods 615 7$aGeography 615 7$aEarth & Environmental Sciences 615 7$aPhysical Geography 676 $a551.4/83/0182 700 $aFiering$b Myron B$0632241 701 $aBund$b Barbara$0896600 702 $aBund$b Barbara 801 0$bDLC 801 1$bDLC 906 $aBOOK 912 $a9910130893003321 996 $aSynthetic streamflows$92003167 997 $aUNINA 999 $aThis Record contains information from the Harvard Library Bibliographic Dataset, which is provided by the Harvard Library under its Bibliographic Dataset Use Terms and includes data made available by, among others the Library of Congress